00893 2200193 4500001002100000005001500021035002000036245003000056100001200086250003100098300003200129260003300161082001000194084001600204020002200220650001700242520040100259500003900660INLIS00000000000063820240827084739 a0010-08240001561 aAyo Menggambar /cA. Said0 aA. Said acetakan ke-1, edisi revisi aiv, 68 hlm :bIlus ;c22 cm aJakarta :bAzka Press,c2006 a745.5 a745.5 A. a a978-979-744-468-6 4aKeterampilan aGambar yang indah ialah sebuah gambar dari hasil perpaduan garis-garis dan warna-warna yang tepat. Kemampuan memadukan garis dan warna membutuhkan keterampilan khusus. Selain bakat yang dimiliki, keterampilan terssebut dapat dicapai dengan latihan-latihan penguasaan teknik melukis. Buku Ayo Menggambar ini berusaha menyajikan teknik melukis secara praktis dengan menggunakan bahasa komunikatif. aSeri Keterampilan Kerajinan Tangan